Aviva Premiership Rugby Union Teams 2016/17 - Statistics

General Stats
  • This quiz has been taken 569 times
    456 since last reset
  • The average score is 11 of 12
Answer Stats
Stadium Answer % Correct
The Stoop Harlequins
97%
Allianz Park Saracens
97%
Ricoh Arena Wasps
96%
The Recreation Ground Bath
93%
Sandy Park Exeter Chiefs
93%
Welford Road Leicester Tigers
92%
Ashton Gate Bristol
91%
Kingston Park Newcastle Falcons
90%
Franklin's Gardens Northampton Saints
90%
Kingsholm Stadium Gloucester
89%
AJ Bell Stadium Sale Sharks
88%
Sixways Stadium Worcester Warriors
83%
No matching quizzes found
Score Distribution
Percent of People with Each Score
Percentile by Number Answered
Your Score History
You have not taken this quiz since the last reset